Interpreting econometric evidence (Registro nro. 27053)

Detalles MARC
000 -LEADER
fixed length control field 00361 a2200121 4500
001 - CONTROL NUMBER
control field ART_14819
005 - DATE AND TIME OF LATEST TRANSACTION
control field 20260410161914.0
008 - FIXED-LENGTH DATA ELEMENTS--GENERAL INFORMATION
fixed length control field 260409a
100 1# - MAIN ENTRY--PERSONAL NAME
Personal name Hendry, David F.
245 10 - TITLE STATEMENT
Title Interpreting econometric evidence
700 1# - ADDED ENTRY--PERSONAL NAME
Personal name Davidson, James E. H.
773 0# - HOST ITEM ENTRY
Title European economic review
Related parts - Vol. 16, Nº 1 (may. 1981)
Record control number REV13346

No hay ítems disponibles.